[Event "Titled Tuesday intern op 16th Feb"]
[Site "Chess.com INT"]
[Date "2021.02.16"]
[Round "3"]
[White "Gupta, Sankalp"]
[Black "Reprintsev, Alexander"]
[Result "1/2-1/2"]
[WhiteElo "2429"]
[BlackElo "2353"]
[PlyCount "100"]
[EventDate "2021.02.16"]
[EventType "swiss (blitz)"]
[EventRounds "11"]
[EventCountry "USA"]
[SourceTitle "EXT 2022"]
[Source "ChessBase"]
[SourceDate "2021.10.06"]
[SourceVersion "1"]
[SourceVersionDate "2021.10.06"]
[SourceQuality "1"]

1. d4 d5 2. Bf4 e6 3. e3 Nf6 4. Nf3 c5 5. Nbd2 Qb6 6. dxc5 Bxc5 7. c4 0-0 8. Qb3 Nc6 9. Be2 Qxb3 10. axb3 Bd7 11. 0-0 Nh5 12. Bg5 h6 13. Bh4 g5 14. Bg3 Nxg3 15. hxg3 Nb4 16. Rfc1 Bd6 17. e4 Rfd8 18. cxd5 exd5 19. e5 Bf8 20. Nd4 Nc6 21. N2f3 Bg7 22. Nxc6 Bxc6 23. Bd3 d4 24. Re1 a6 25. Nd2 Bd5 26. Nc4 Rac8 27. Nd6 Rc7 28. f4 f6 29. Nf5 fxe5 30. Nxg7 Kxg7 31. Rxe5 gxf4 32. gxf4 Bxb3 33. Rae1 Rdd7 34. Bf5 Rf7 35. g3 Bc4 36. Kf2 d3 37. Ke3 Rce7 38. Bxd3 Rxe5+ 39. fxe5 Bxd3 40. Kxd3 Rf3+ 41. Kd4 Rxg3 42. Kd5 Kf7 43. Rh1 Rg6 44. Rc1 Rb6 45. Rc7+ Ke8 46. e6 Rxb2 47. Rc8+ Ke7 48. Rc7+ Ke8 49. Rc8+ Ke7 50. Rc7+ Ke8 1/2-1/2

[Event "Titled Tuesday intern op 16th Feb"]
[Site "Chess.com INT"]
[Date "2021.02.16"]
[Round "1"]
[White "Marcziter, Dmitrii"]
[Black "Gupta, Sankalp"]
[Result "0-1"]
[WhiteElo "2243"]
[BlackElo "2429"]
[PlyCount "56"]
[EventDate "2021.02.16"]
[EventType "swiss (blitz)"]
[EventRounds "11"]
[EventCountry "USA"]
[SourceTitle "EXT 2022"]
[Source "ChessBase"]
[SourceDate "2021.10.06"]
[SourceVersion "1"]
[SourceVersionDate "2021.10.06"]
[SourceQuality "1"]

1. e4 c6 2. d4 d5 3. e5 Bf5 4. Nf3 e6 5. Be2 Nd7 6. Nc3 Ne7 7. Be3 h6 8. h3 Bh7 9. g4 Ng6 10. h4 Be7 11. h5 Nh4 12. Nxh4 Bxh4 13. Qd2 c5 14. 0-0-0 c4 15. f4 Be7 16. f5 Qa5 17. fxe6 fxe6 18. g5 Bf5 19. gxh6 gxh6 20. Bxh6 b5 21. Bg7 Rh7 22. h6 b4 23. Bh5+ Kd8 24. Nb1 Qxa2 25. Rhg1 c3 26. bxc3 b3 27. Qg2 bxc2 28. Nd2 Ba3# 0-1

[Event "Titled Tuesday intern op 16th Feb"]
[Site "Chess.com INT"]
[Date "2021.02.16"]
[Round "4"]
[White "Migot, Tangi"]
[Black "Gupta, Sankalp"]
[Result "0-1"]
[WhiteElo "2353"]
[BlackElo "2429"]
[PlyCount "90"]
[EventDate "2021.02.16"]
[EventType "swiss (blitz)"]
[EventRounds "11"]
[EventCountry "USA"]
[SourceTitle "EXT 2022"]
[Source "ChessBase"]
[SourceDate "2021.10.06"]
[SourceVersion "1"]
[SourceVersionDate "2021.10.06"]
[SourceQuality "1"]

1. e4 c6 2. Nc3 d5 3. Nf3 dxe4 4. Nxe4 Nf6 5. Nxf6+ exf6 6. d4 Bd6 7. Be3 0-0 8. Qd2 b5 9. Be2 Bf5 10. 0-0 Na6 11. a4 Nc7 12. axb5 cxb5 13. c3 a6 14. Bf4 Nd5 15. Bxd6 Qxd6 16. Rfe1 Rfe8 17. h3 h6 18. Bf1 Be4 19. Nh2 Nf4 20. Ng4 f5 21. Ne5 Nxh3+ 22. gxh3 Rxe5 23. f3 Re6 24. fxe4 fxe4 25. Bg2 f5 26. b3 Rae8 27. c4 f4 28. d5 Rg6 29. Kh1 e3 30. Qe2 Rg3 31. Rf1 Rf8 32. Rf3 Rg5 33. Raf1 Rf6 34. Qd3 Rfg6 35. Rg1 Qe5 36. d6 Rxd6 37. Qe2 Rd2 38. Qe1 Qb2 39. Qf1 Rf2 40. Qd1 Rfxg2 41. Qd8+ Kh7 42. Qd3+ Rg6 43. Qxg6+ Rxg6 44. Rxg6 Kxg6 45. Rxf4 e2 0-1